000 00622nam a2200217 i 4500
001 80713
003 ES-MaACL
005 20230906174258.0
007 t|
008 041029s1956 sp ||||1| spa d
100 1 _aHostovsky, Egon.
_964306
245 1 0 _aDesaparecido /
_cEgon Hostovsky ; [versión española de Antonio Guardiola].
250 _a[1ª ed.].
260 _aBarcelona :
_bLuis de Caralt,
_c[1956] (
_fChimenos)
300 _a303 p. ;
_c20 cm.
490 1 _aGigante
700 1 _aGuardiola, Antonio.
_960320
830 0 _aGigante
_9181050
852 _aES-MaACL
_jC-11390
_bR.39249
999 _c80713
_d80713